Performance of dwarf sheep fed elephant grass( Pennisetum purpureum) and concentrate supplements containing rubber seed as substitute for cotton seed cake (Record no. 47452)

MARC details
000 -LEADER
fixed length control field 00449nam a2200145Ia 4500
100 ## - MAIN ENTRY--AUTHOR NAME
Personal name Njwe R M
245 #0 - TITLE STATEMENT
Title Performance of dwarf sheep fed elephant grass( Pennisetum purpureum) and concentrate supplements containing rubber seed as substitute for cotton seed cake
650 ## - SUBJECT ADDED ENTRY--TOPICAL TERM
Topical Term Cotton seed cake
650 ## - SUBJECT ADDED ENTRY--TOPICAL TERM
Topical Term Rubber seed
650 ## - SUBJECT ADDED ENTRY--TOPICAL TERM
Topical Term Sheep
700 ## - ADDED ENTRY--PERSONAL NAME
Personal name Chifon
700 ## - ADDED ENTRY--PERSONAL NAME
Personal name M K
942 ## - ADDED ENTRY ELEMENTS (KOHA)
Koha item type Bibliography RLSE
Holdings
Withdrawn status Lost status Damaged status Not for loan Home library Current library Date acquired Koha item type
      Bibliography RRII Library RRII Library 31/12/2021 Bibliography RLSE